| 000 | 00845nas a2200277 4500 | ||
|---|---|---|---|
| 001 | BR0807602 | ||
| 003 | BR-BrBNA | ||
| 005 | 20231205112712.0 | ||
| 007 | ta | ||
| 008 | 230509b bl.|||p| |||| 00| 00por d | ||
| 040 |
_aBR-BrBNA _bpor _cBiblioteca Nacional de Agricultura |
||
| 041 | _a(En) | ||
| 072 | _aF60 | ||
| 100 | 1 | _aSridhar, B.B. | |
| 100 | 1 | _aHan, F.X. | |
| 100 | 1 | _aDiehl, S.V. | |
| 100 | 1 | _aMonts, D.L. | |
| 100 | 1 | _aSur, Y. | |
| 245 | 1 | _aEffects of Zn and Cd accumulation on structural and physiological characterístics of barley plants | |
| 650 | _aCEVADA | ||
| 650 | _aBIOLOGIA VEGETAL | ||
| 650 | _aFISIOLOGIA VEGETAL | ||
| 773 | 0 |
_tBrazilian Journal of Plant Physiology (Brazil) _xISSN 1677-0420 _g(Apr-Jun 2007), v. 19(2) p. 15-22 _wBR0807602 |
|
| 909 |
_a202311 _bLúcia _c55 _dLúcia Elande |
||
| 942 |
_2AGRIS _n0 _cANA |
||
| 999 |
_c199464 _d199464 |
||